| 000 | 00799nac a22002171u 4500 | ||
|---|---|---|---|
| 020 | _a0136066747 | ||
| 082 |
_a320 _bPOL |
||
| 090 |
_c9519 _d9519 |
||
| 100 | _a20080729 | ||
| 245 |
_aPolitical science : _ban introduction / _c Michael G. Roskin ... [et al.] |
||
| 250 | _a9th ed. | ||
| 260 |
_a Upper Saddle River, N.J. : _bPearson Prentice Hall, 2006. _c2006 |
||
| 300 |
_axxv, 422 p. : _bill., ; _c 24 cm |
||
| 500 | _adistributer: Al-Ahram | ||
| 504 | _a Includes bibliographical references and index. | ||
| 511 | _acatalogued by: wessam | ||
| 650 | _aPolitical science | ||
| 700 |
_aRoskin, Michael G., _d1939- |
||
| 942 |
_cBB _k320POL |
||
| 999 |
_c9519 _d9519 |
||